000 00366nam a22001217a 4500
999 _c5498
_d5498
008 250925b ||||| |||| 00| 0 eng d
020 _a9781913123919
082 _a741.5942
100 _aPEARSON,LUKE
_eAUTHOR
_lENGLISH
245 _aHILDA AND THE MOUNTAIN KING
260 _aIMPRINT OF NOBROW LTD.27 WESTGATE STREET,LONDON,E8 3RL
_bFLYING EYE BOOKS
_c2021
942 _2ddc